200 preguntas y respuestas sobre contabilidad digital Preparǹdonos ante los retos de 2015 /

Bibliographic Details
Main Author: Castro Valdez, Penľope
Format: eBook
Language:Spanish
Published: Mx̌ico D.F.: Ediciones Fiscales ISEF, 2015
Subjects:
Online Access:Acceso restringido

MARC

LEADER 00000nam a22000007a 4500
005 2015021609589.0
007 cr|||| ||||
008 150216s2015 mx |||||s|||| 00||0 spa d
020 |a 978-607-406-712-5 
035 |a 12617 
040 |a vLex 
090 |c 5356  |d 5356 
100 1 |a Castro Valdez, Penľope 
245 1 0 |a 200 preguntas y respuestas sobre contabilidad digital  |h [Recurso electrn̤ico] :  |b Preparǹdonos ante los retos de 2015 /  |c Penľope Castro Valdez  
256 |a Servicio en ln̕ea 
260 |a Mx̌ico D.F.:  |b Ediciones Fiscales ISEF,  |c 2015 
300 |a 1 recurso electrn̤ico 
506 1 |a Contenido disponible en los productos indicados  |d vLex Global  |d vLex Global (Academic Edition, excluding Law Schools)  |d vLex Global (U.S. Academic Edition, Law Schools)  |d vLex Global (U.S. Academic Edition, excluding Law Schools)  |d vLex Global (Academic Edition, Law Schools) 
650 0 4 |a Contabilidad electrn̤ica  |z Mx̌ico 
740 0 |a vLex Libros (Servicio en ln̕ea) 
856 4 0 |u http://vlex.com/source/200-preguntas-y-respuestas-sobre-contabilidad-digital-preparandonos-ante-los-retos-de-2015-12617  |z Acceso restringido  
942 |c BOOK 
999 0 |a Accounting